000 01439cam a22003737a 4500
001 8414
003 FISKH
005 20250910160229.0
008 080828s2008 maua j 000 0 eng d
010 _a 2008298873
_z 2008933880
020 _a9780763639129
020 _a0763639125
020 _a9780545389747
040 _aBTCTA
_cBTCTA
_dDLC
_beng
050 0 0 _aTE149
_b.S87 2008
082 0 0 _a625.7
_222
100 1 _aSutton, Sally.
245 1 0 _aRoadwork /
_cSally Sutton ; illustrated by Brian Lovelock.
250 _aFirst Scholastic printing, September 2011
260 _aNew York :
_bScholastic,
_c2008
300 _a30 unnumbered pages :
_bcolor illustrations ;
_c24 cm
505 _aE
520 _aThere are many big machines and busy people involved in building a road, and this picture book, with its rambunctious rhymes and noisy fun, follows them every step of the way, from clearing a pathway to rolling the tar to sweeping up at the end.
521 8 _a280
_bLexile AD
521 8 _aE
_bRaz-Plus
650 0 _aRoads
_xDesign and construction
_vJuvenile literature.
650 0 _aRoad machinery
_vJuvenile literature.
650 0 _aTrucks
_vJuvenile literature.
655 7 _aLiterature.
_2lcgft
_0https://id.loc.gov/authorities/genreForms/gf2014026415
700 1 _aLovelock, Brian.
_eillustrator
906 _a7
_bcbc
_ccopycat
_d2
_encip
_f20
_gy-gencatlg
942 _2ddc
_cBK
_n0
999 _c8414
_d8414